Greek-Turkish relations in the era of globalization

Αποθηκεύτηκε σε:
Λεπτομέρειες βιβλιογραφικής εγγραφής
Άλλοι συγγραφείς: Καιρίδης, Δημήτρης (Επιμελητής έκδοσης), Τριανταφύλλου, Δημήτριος Ν., 1966- (Επιμελητής έκδοσης)
Μορφή: Βιβλίο
Γλώσσα:English
Δημοσίευση: Dulles, VA : Brassey's, c2001.
Σειρά:The IFPA - Kokkalis series on Southeast European policy ; v.1
Θέματα:
Ετικέτες: Προσθήκη ετικέτας
Δεν υπάρχουν, Καταχωρήστε ετικέτα πρώτοι!

MARC

LEADER 00000cam a2200000 i 4500
001 1/75449
008 050415s2001 vau| ||| |||| ||eng||
020 |a 1574883127 
035 |l 10077707 
040 |a GR-MyUa  |b gre  |e AACR2 
041 0 |a eng 
082 7 |a 327.4950561   |2 (21) 
245 0 0 |a Greek-Turkish relations in the era of globalization /   |c edited by Dimitris Keridis and Dimitrios Triantaphyllou. 
260 |a Dulles, VA :   |b Brassey's,   |c c2001. 
300 |a xxii, 283 σ. ;   |c 23 εκ. 
490 1 |a (The IFPA - Kokkalis series on Southeast European policy ;   |v v.1) 
500 |a Based on a conference organized by The Kokkalis Foundation, The Hellenic Foundation For European and Foreign Policy (ELIAMEP), The International Institute For Strategic Studies (IISS). 
500 |a A publication by: The Institute for Foreign Policy Analysis, The Kokkalis Program on Southeastern and East Central Europe 
504 |a Περιέχει βιβλιογραφικές παραπομπές. 
650 0 |a Globalization. 
651 0 |a Greece  |x Foreign relations  |z Turkey. 
651 0 |a Turkey  |x Foreign relations  |z Greece. 
700 1 |a Καιρίδης, Δημήτρης,  |e edt 
700 1 |a Τριανταφύλλου, Δημήτριος Ν.,   |d 1966-  |e edt 
830 0 |a The IFPA - Kokkalis series on Southeast European policy ;  |v v.1 
852 |a INST  |b RHODES  |e 20050415  |h 327.4950561 GRE  |p 005400023541  |q 005400023541  |t BK  |y 4  |x 20210204  |z v.1 
852 |a INST  |b RHODES  |e 20050415  |h 327.4950561 GRE  |p 005400023541  |q 005400023541  |t BK  |v v.1:  |y 4  |x 20210204  |z v.1 
853 |a INST  |b RHODES  |h 327.4950561 GRE 
901 |a BIBL4-2005-1 
970 |a ΣΙΔΕΡΗ  |b ΝΕΚΤΑΡΙΑ  |z 2005/04/15